<?xml version="1.0" encoding="UTF-8"?>
<record
    xmlns:xsi="http://www.w3.org/2001/XMLSchema-instance"
    xsi:schemaLocation="http://www.loc.gov/MARC21/slim http://www.loc.gov/standards/marcxml/schema/MARC21slim.xsd"
    xmlns="http://www.loc.gov/MARC21/slim">

  <leader>03364nam a2200313 i 4500</leader>
  <controlfield tag="003">DO-SdBNP</controlfield>
  <controlfield tag="005">20260305074000.0</controlfield>
  <controlfield tag="007">ta</controlfield>
  <controlfield tag="008">250516b2024    dr ao||| |||| 00| 0 spa d</controlfield>
  <datafield tag="020" ind1=" " ind2=" ">
    <subfield code="a">9789945251203</subfield>
  </datafield>
  <datafield tag="040" ind1=" " ind2=" ">
    <subfield code="a">DO-SdBNP</subfield>
    <subfield code="b">spa</subfield>
    <subfield code="c">BNPHU </subfield>
    <subfield code="e">rda</subfield>
  </datafield>
  <datafield tag="041" ind1=" " ind2=" ">
    <subfield code="a">spa</subfield>
  </datafield>
  <datafield tag="082" ind1=" " ind2="4">
    <subfield code="a">0</subfield>
    <subfield code="b">G377cen</subfield>
    <subfield code="2">22</subfield>
  </datafield>
  <datafield tag="100" ind1="1" ind2=" ">
    <subfield code="a">Ger&#xF3;n, Candido,</subfield>
    <subfield code="d">1948-</subfield>
    <subfield code="e">autor</subfield>
    <subfield code="4">aut.</subfield>
    <subfield code="9">3577</subfield>
  </datafield>
  <datafield tag="245" ind1="1" ind2="0">
    <subfield code="a">Centenario del maestro Guillo P&#xE9;rez :</subfield>
    <subfield code="b">1923-2023 / </subfield>
    <subfield code="c">C&#xE1;ndido Ger&#xF3;n ; cuidado de edici&#xF3;n, C&#xE1;ndido Ger&#xF3;n ; dise&#xF1;o general Alexander Araujo Batista ; im&#xE1;genes hist&#xF3;ricas, Archivo General de la Naci&#xF3;n.</subfield>
  </datafield>
  <datafield tag="250" ind1=" " ind2=" ">
    <subfield code="a">Primera edici&#xF3;n </subfield>
  </datafield>
  <datafield tag="264" ind1=" " ind2="4">
    <subfield code="a">Santo Domingo : </subfield>
    <subfield code="b">Archivo General de la Naci&#xF3;n, </subfield>
    <subfield code="c">&#xA9;2025.</subfield>
  </datafield>
  <datafield tag="300" ind1=" " ind2=" ">
    <subfield code="a">231 p&#xE1;ginas :</subfield>
    <subfield code="b">ilustraciones, fotograf&#xED;as ;</subfield>
    <subfield code="c">31 cm. </subfield>
  </datafield>
  <datafield tag="336" ind1=" " ind2=" ">
    <subfield code="a">texto</subfield>
    <subfield code="b">txt</subfield>
    <subfield code="2">rdacontent </subfield>
  </datafield>
  <datafield tag="337" ind1=" " ind2=" ">
    <subfield code="a">sin mediaci&#xF3;n </subfield>
    <subfield code="b">n</subfield>
    <subfield code="2">rdamedia</subfield>
  </datafield>
  <datafield tag="338" ind1=" " ind2=" ">
    <subfield code="a">volumen </subfield>
    <subfield code="b">nc</subfield>
    <subfield code="2">rdacarrier</subfield>
  </datafield>
  <datafield tag="490" ind1="0" ind2=" ">
    <subfield code="a">Archivo General de la Naci&#xF3;n ; </subfield>
    <subfield code="v">526</subfield>
  </datafield>
  <datafield tag="500" ind1=" " ind2=" ">
    <subfield code="a">Incluye datos biogr&#xE1;ficos del autor en las solapas</subfield>
  </datafield>
  <datafield tag="505" ind1=" " ind2=" ">
    <subfield code="a">Introducci&#xF3;n, 15.-- Todo lo que hay que saber del arte del maestro Guillo P&#xE9;rez, 25.-- Centenario del maestro Guillo P&#xE9;rez : patrimonio hist&#xF3;rico dominicano, 57.-- Guillo P&#xE9;rez sigue siendo el mejor colorista, 67.-- Guillo P&#xE9;rez y la poes&#xED;a del color, 73.-- Guillo P&#xE9;rez y los sentimientos comunes, 81.-- Guillo P&#xE9;rez, el arte y la autenticidad, 89.-- Permanencia de Guillo P&#xE9;rez, 93.-- Art&#xED;culos / Informalismo total y espacialismo absoluto en la nueva obra abstracta de Guillo P&#xE9;rez. Manuel Valldeperes 1964, 103.-- Guillo P&#xE9;rez : imagen de su pintura. Francisco Comarazamy 1969, 109.-- Guillo P&#xE9;rez presenta temas coloniales. Mar&#xED;a Ugarte 1970, 111.-- Guillo P&#xE9;rez en busca de su color. Enrique de Marchena y Dujarric 1972, 119.-- Guillo P&#xE9;rez aten&#xFA;a su cromatismo en impresiones de tierra santa. Fernando Pe&#xF1;a Defill&#xF3; 1973, 123.-- La hermosa pintura de Guillo P&#xE9;rez. Marianne de Tolentino 1973, 127.-- Una nueva etapa en la pintura de Guillo P&#xE9;rez. Danilo Lassose 1974, 131.-- El buey, el ingenio, el picador, la ca&#xF1;a : protagonistas de la nueva pintura de Guillo. &#xC1;ngela Pe&#xF1;a 1976, 137.-- Guillo P&#xE9;rez incorpora la Sociolog&#xED;a y la Pintura. Francisco Comarazamy 1976, 143.-- Guillo P&#xE9;rez, un momento del arte nacional. Marianne de Tolentino 1976, 153.-- El gallo pasa a enriquecer la pintura de Guillo P&#xE9;rez. Francisco Comarazamy 1980, 161.-- Los gallos de Guillo : tema con magn&#xED;ficos resultados pict&#xF3;ricos. Jeannette Miller 1980, 167.-- La m&#xE1;quina del tiempo en la vida y obra del maestro Guillo P&#xE9;rez. &#xC1;ngela Pe&#xF1;a 1980, 173.-- Guillo P&#xE9;rez, pintor de lo nacional y lo universal. Danilo Lassose 1980, 179.-- Guillo P&#xE9;rez, el gran colorista dominicano. Danilo de los Santos 1990, 189.-- La potencialidad crom&#xE1;tica y afectiva en la pintura del maestro Guillo P&#xE9;rez. C&#xE1;ndido Ger&#xF3;n 1980, 193.-- Una nueva f&#xF3;rmula est&#xE9;tica para la pintura latinoamericana. Abil Peralta 1991, 201.-- &#xA1;Oh pero si este Guillo P&#xE9;rez es un Chaman aeda, c&#xF3;mplice tel&#xFA;rico o aurora!. Tony Raful 1992, 205.-- Guillo P&#xE9;rez : pintor de la nacionalidad dominicana. Eduardo mercedes, 207.-- Guillo P&#xE9;rez : 50 a&#xF1;os en el arte. Virginia Goris 1995, 213.-- Biograf&#xED;a, 223.</subfield>
  </datafield>
  <datafield tag="590" ind1=" " ind2=" ">
    <subfield code="a">Inventariado, 2025 /LP</subfield>
  </datafield>
  <datafield tag="700" ind1="1" ind2=" ">
    <subfield code="a">Araujo Batista, Alexander</subfield>
    <subfield code="e">dise&#xF1;o</subfield>
    <subfield code="4">di.</subfield>
    <subfield code="9">87788</subfield>
  </datafield>
  <datafield tag="910" ind1=" " ind2=" ">
    <subfield code="a">LP</subfield>
  </datafield>
  <datafield tag="942" ind1=" " ind2=" ">
    <subfield code="2">ddc</subfield>
    <subfield code="c">LBS1</subfield>
  </datafield>
  <datafield tag="952" ind1=" " ind2=" ">
    <subfield code="0">0</subfield>
    <subfield code="1">0</subfield>
    <subfield code="2">ddc</subfield>
    <subfield code="5">1</subfield>
    <subfield code="7">0</subfield>
    <subfield code="8">PD</subfield>
    <subfield code="a">BNPHU</subfield>
    <subfield code="b">BNPHU</subfield>
    <subfield code="c">CT</subfield>
    <subfield code="d">2025-03-27</subfield>
    <subfield code="e">Dep&#xF3;sito Legal</subfield>
    <subfield code="l">0</subfield>
    <subfield code="o">0 G377cen</subfield>
    <subfield code="p">2025-3744</subfield>
    <subfield code="r">2025-04-28</subfield>
    <subfield code="w">2025-04-28</subfield>
    <subfield code="y">LBS1</subfield>
  </datafield>
  <datafield tag="952" ind1=" " ind2=" ">
    <subfield code="0">0</subfield>
    <subfield code="1">0</subfield>
    <subfield code="2">ddc</subfield>
    <subfield code="5">1</subfield>
    <subfield code="7">0</subfield>
    <subfield code="8">PD</subfield>
    <subfield code="a">BNPHU</subfield>
    <subfield code="b">BNPHU</subfield>
    <subfield code="c">CT</subfield>
    <subfield code="d">2025-03-27</subfield>
    <subfield code="e">Dep&#xF3;sito Legal</subfield>
    <subfield code="l">0</subfield>
    <subfield code="o">0 G377cen</subfield>
    <subfield code="p">2025-3745</subfield>
    <subfield code="r">2025-04-28</subfield>
    <subfield code="t">e.2</subfield>
    <subfield code="w">2025-04-28</subfield>
    <subfield code="y">LBS1</subfield>
  </datafield>
  <datafield tag="952" ind1=" " ind2=" ">
    <subfield code="0">0</subfield>
    <subfield code="1">0</subfield>
    <subfield code="2">ddc</subfield>
    <subfield code="5">6</subfield>
    <subfield code="7">0</subfield>
    <subfield code="8">DS</subfield>
    <subfield code="a">BNPHU</subfield>
    <subfield code="b">BNPHU</subfield>
    <subfield code="c">CT</subfield>
    <subfield code="d">2025-03-27</subfield>
    <subfield code="e">Dep&#xF3;sito Legal</subfield>
    <subfield code="l">0</subfield>
    <subfield code="o">0 G377cen</subfield>
    <subfield code="p">2025-3746</subfield>
    <subfield code="r">2025-04-28</subfield>
    <subfield code="t">e.3</subfield>
    <subfield code="w">2025-04-28</subfield>
    <subfield code="y">LBS1</subfield>
  </datafield>
  <datafield tag="999" ind1=" " ind2=" ">
    <subfield code="c">58836</subfield>
    <subfield code="d">58836</subfield>
  </datafield>
</record>
